[Event "Heraklion op 21st"]
[Site "Heraklion"]
[Date "2017.09.09"]
[Round "8"]
[White "Xirouhakis, Emmanouil"]
[Black "Galanakis, Nikos"]
[Result "1-0"]
[WhiteElo "1428"]
[BlackElo "1525"]
[PlyCount "69"]
[EventDate "2017.09.03"]
[EventType "swiss"]
[EventRounds "9"]
[EventCountry "GRE"]
[SourceTitle "CBM 180 Extra"]
[Source "ChessBase"]
[SourceDate "2017.10.06"]
[SourceVersion "1"]
[SourceVersionDate "2017.10.06"]
[SourceQuality "1"]

1. c4 e5 2. b3 Bc5 3. Bb2 f6 4. e3 Nc6 5. Be2 Nge7 6. a3 a5 7. d4 exd4 8. exd4 Ba7 9. Nf3 d5 10. 0-0 0-0 11. Re1 Kh8 12. Qd2 Bb8 13. c5 Ng6 14. b4 axb4 15. axb4 Rxa1 16. Bxa1 Nce7 17. Nc3 c6 18. Qb2 Nf4 19. Bf1 Bg4 20. Nd2 Nxg2 21. Bxg2 Qc7 22. Nf3 Bxf3 23. Bxf3 Qxh2+ 24. Kf1 Nf5 25. Bg2 h5 26. Qc2 Nxd4 27. Qg6 Be5 28. Ne2 Nb3 29. Bc3 Bxc3 30. Nxc3 Nd2+ 31. Ke2 Nc4 32. Qg3 Re8+ 33. Kd1 Qxg3 34. Rxe8+ Kh7 35. fxg3 1-0

[Event "Heraklion op 19th"]
[Site "Heraklion"]
[Date "2017.01.04"]
[Round "4"]
[White "Kouvidis, Ioannis"]
[Black "Galanakis, Nikos"]
[Result "0-1"]
[WhiteElo "1350"]
[BlackElo "1594"]
[PlyCount "62"]
[EventDate "2017.01.02"]
[EventType "swiss"]
[EventRounds "9"]
[EventCountry "GRE"]
[SourceTitle "CBM 176 Extra"]
[Source "ChessBase"]
[SourceDate "2017.03.02"]
[SourceVersion "1"]
[SourceVersionDate "2017.03.02"]
[SourceQuality "1"]

1. e4 d5 2. exd5 Qxd5 3. Nc3 Qd6 4. d4 Nf6 5. Nf3 a6 6. Bd3 b5 7. a3 Bb7 8. 0-0 e6 9. Re1 Be7 10. Ne4 Nxe4 11. Bxe4 Bxe4 12. Rxe4 Nd7 13. Bf4 Qc6 14. Re3 Qb7 15. d5 Nf8 16. dxe6 Nxe6 17. Bg5 Bc5 18. Rxe6+ fxe6 19. Ne5 0-0 20. Qd7 Qd5 21. Qxd5 exd5 22. Nf3 Rae8 23. b4 Bb6 24. Kf1 h6 25. Bh4 Rf4 26. Bg3 Rfe4 27. Rd1 c6 28. Rd2 g5 29. h3 h5 30. Rd1 Re2 31. Nxg5 Rxc2 0-1

[Event "GRE-chT 44th"]
[Site "Achaia"]
[Date "2016.07.06"]
[Round "3.1"]
[White "Galanakis, Nikos"]
[Black "Tsarsitalidis, Konstantinos"]
[Result "1/2-1/2"]
[WhiteElo "1368"]
[BlackElo "1506"]
[PlyCount "106"]
[EventDate "2016.07.05"]
[EventType "team-swiss"]
[EventRounds "7"]
[EventCountry "GRE"]
[SourceTitle "CBM 173 Extra"]
[Source "ChessBase"]
[SourceDate "2016.08.29"]
[SourceVersion "1"]
[SourceVersionDate "2016.08.29"]
[SourceQuality "1"]
[WhiteTeam "Chania Kydon"]
[BlackTeam "Thessaloniki HS"]
[WhiteTeamCountry "GRE"]
[BlackTeamCountry "GRE"]

1. e4 c5 2. Nf3 d6 3. d4 cxd4 4. Nxd4 Nf6 5. Nc3 a6 6. Bg5 e6 7. Qd2 Be7 8. 0-0-0 Nbd7 9. Kb1 0-0 10. f3 h6 11. Be3 Ne5 12. g4 Nfd7 13. h3 Nb6 14. b3 Nc6 15. Nxc6 bxc6 16. f4 d5 17. g5 Bb4 18. gxh6 g6 19. Qd4 Bxc3 20. Qxc3 f6 21. Qxc6 Rb8 22. Qc3 Na4 23. Qd3 Qc7 24. Bd2 Nc5 25. Qg3 Kh7 26. exd5 exd5 27. Rg1 Bf5 28. Qc3 Qd6 29. Bd3 Nxd3 30. cxd3 d4 31. Qc4 Rbc8 32. Qb4 Bxd3+ 33. Ka1 Qd8 34. Bc1 Bf5 35. Rxd4 Qc7 36. Rc4 Qa7 37. Rxc8 Rxc8 38. Re1 Kxh6 39. Bb2 Rb8 40. Qd2 Qb6 41. Qc3 Qf2 42. Qe3 Qh4 43. Qe7 Rb7 44. Bxf6 Rxe7 45. Bxh4 Rxe1+ 46. Bxe1 Bxh3 47. Bh4 Kg7 48. Kb2 Kf7 49. Kc3 Ke6 50. a3 Kd5 51. Kd3 Bf5+ 52. Ke3 Bc2 53. b4 Kc4 1/2-1/2

[Event "Heraklion op"]
[Site "Heraklion"]
[Date "2014.09.05"]
[Round "5"]
[White "Galanakis, Nikos"]
[Black "Vitsaxakis, Nikolaos"]
[Result "1/2-1/2"]
[WhiteElo "1670"]
[BlackElo "1604"]
[PlyCount "56"]
[EventDate "2014.09.02"]
[EventType "swiss"]
[EventRounds "6"]
[EventCountry "GRE"]
[SourceTitle "EXT 2015"]
[Source "ChessBase"]
[SourceDate "2014.11.20"]
[SourceVersion "1"]
[SourceVersionDate "2014.11.20"]
[SourceQuality "1"]

1. c4 g6 2. d4 Nf6 3. Nc3 d5 4. cxd5 Nxd5 5. e4 Nxc3 6. bxc3 c5 7. Ne2 Bg7 8. g3 Bg4 9. Qd3 Bxe2 10. Bxe2 cxd4 11. 0-0 0-0 12. Rd1 Nc6 13. Qb5 Qc7 14. Rb1 b6 15. c4 e5 16. Ba3 Rfd8 17. Bd3 Bf8 18. Bc1 f6 19. Bd2 Nb8 20. f4 Be7 21. c5 Bxc5 22. fxe5 Qxe5 23. Bf4 Qe7 24. Bc4+ Kg7 25. Bd5 Rxd5 26. exd5 d3+ 27. Kg2 Qe2+ 28. Kh3 Qh5+ 1/2-1/2

[Event "Heraklion Gazi op"]
[Site "Heraklion"]
[Date "2006.09.04"]
[Round "5"]
[White "Galanakis, Nikos"]
[Black "Filippou, Maria"]
[Result "1-0"]
[WhiteElo "1005"]
[BlackElo "1270"]
[PlyCount "77"]
[EventDate "2006.08.31"]
[EventType "swiss"]
[EventRounds "7"]
[EventCountry "GRE"]
[SourceTitle "EXT 2008"]
[Source "ChessBase"]
[SourceDate "2007.11.25"]
[SourceVersion "1"]
[SourceVersionDate "2007.11.25"]
[SourceQuality "1"]

1. e4 e5 2. Nf3 Nc6 3. Bb5 Bc5 4. 0-0 d6 5. d4 exd4 6. Nxd4 Bd7 7. Nxc6 Bxc6 8. Bxc6+ bxc6 9. Be3 Bb6 10. Qd2 Ne7 11. c4 c5 12. f4 0-0 13. Qf2 Nc6 14. Nc3 Qe7 15. Qf3 Rae8 16. e5 Nd4 17. Bxd4 cxd4 18. Nd5 Qe6 19. Nxb6 axb6 20. exd6 Qxd6 21. Rad1 Re3 22. Qxe3 dxe3 23. Rxd6 cxd6 24. Re1 Re8 25. g3 g6 26. Kg2 Kg7 27. Kf3 h5 28. Rxe3 Rxe3+ 29. Kxe3 Kf6 30. b4 Kf5 31. a4 Kg4 32. a5 bxa5 33. bxa5 Kh3 34. a6 Kxh2 35. Kf3 f6 36. a7 g5 37. a8Q h4 38. Qa2+ Kh1 39. Qg2# 1-0

[Event "Heraklion Gazi op"]
[Site "Heraklion"]
[Date "2006.08.31"]
[Round "1"]
[White "Fragiadakis, Nikolaos"]
[Black "Galanakis, Nikos"]
[Result "1-0"]
[WhiteElo "1450"]
[BlackElo "1005"]
[PlyCount "111"]
[EventDate "2006.08.31"]
[EventType "swiss"]
[EventRounds "7"]
[EventCountry "GRE"]
[SourceTitle "EXT 2008"]
[Source "ChessBase"]
[SourceDate "2007.11.25"]
[SourceVersion "1"]
[SourceVersionDate "2007.11.25"]
[SourceQuality "1"]

1. e4 e6 2. d4 d5 3. Nc3 Bb4 4. e5 c5 5. Qg4 Ne7 6. a3 Bxc3+ 7. bxc3 Qa5 8. Bd2 Ng6 9. a4 c4 10. Nh3 b5 11. Be2 bxa4 12. 0-0 Na6 13. f4 Nc7 14. Qf3 Nh4 15. Qh5 Nf5 16. Rfd1 Rb8 17. g4 Ne3 18. Bxe3 Qxc3 19. Bd2 Qxd4+ 20. Nf2 Rb2 21. Bc1 Qb6 22. Bxb2 Qxb2 23. Rdc1 0-0 24. Qh3 Qd4 25. c3 Qxf4 26. Qg3 Qd2 27. Bd1 Qb2 28. Bxa4 f6 29. Rab1 Qa2 30. exf6 Rxf6 31. Bc2 Qa5 32. Qh4 h6 33. g5 Rf7 34. Bg6 Rf8 35. gxh6 Qc5 36. hxg7 Kxg7 37. Qh7+ Kf6 38. Qh5 Ke7 39. Qh4+ Kd7 40. Ra1 Bb7 41. Qd4 Qe7 42. Rf1 Qg5+ 43. Qg4 Qe3 44. Qg3 Qc5 45. Bc2 Rf7 46. Ba4+ Nb5 47. Bxb5+ Qxb5 48. Rfb1 Qc6 49. Rxa7 Ke8 50. Qb8+ Bc8 51. Rxf7 Kxf7 52. Qf4+ Ke7 53. Qg5+ Kd6 54. Qd8+ Ke5 55. Rb6 Qc5 56. Qg5# 1-0

[Event "Heraklion Gazi op"]
[Site "Heraklion"]
[Date "2005.10.01"]
[Round "6"]
[White "Konstantinomanolakis, Stavros"]
[Black "Galanakis, Nikos"]
[Result "0-1"]
[WhiteElo "1000"]
[BlackElo "1000"]
[PlyCount "112"]
[EventDate "2005.09.27"]
[EventType "swiss"]
[EventRounds "7"]
[EventCountry "GRE"]
[SourceTitle "EXT 2007"]
[Source "ChessBase"]
[SourceDate "2006.11.23"]
[SourceVersion "1"]
[SourceVersionDate "2006.11.23"]
[SourceQuality "1"]

1. d4 d5 2. Nf3 Nf6 3. c4 c6 4. Nc3 e6 5. Bg5 Be7 6. e3 Nbd7 7. cxd5 exd5 8. Bd3 0-0 9. Qc2 Ne4 10. Bxe7 Qxe7 11. Nxe4 dxe4 12. Bxe4 Nf6 13. Bd3 Qb4+ 14. Qd2 Qd6 15. Ne5 Be6 16. 0-0 Rad8 17. a4 c5 18. Nf3 cxd4 19. Rfd1 Bb3 20. Bc2 Bxc2 21. Qxc2 d3 22. Qb3 Rd7 23. Nd4 Ng4 24. g3 Qh6 25. h4 Qf6 26. f3 Rxd4 27. fxg4 Rxg4 28. Kg2 Qxh4 29. Qxd3 Rxg3+ 30. Kf2 Rg6+ 31. Kf3 Qg4+ 32. Kf2 Rf6+ 33. Ke1 Qg1+ 34. Kd2 Qh2+ 35. Kc1 Qc7+ 36. Kb1 Rc8 37. Ra3 Rc6 38. Rc3 Rxc3 39. bxc3 g6 40. Rc1 Re8 41. e4 Qb6+ 42. Kc2 Qf2+ 43. Kb3 Re6 44. a5 Qc5 45. Qd8+ Kg7 46. Qd7 Qxa5 47. Rh1 Rb6+ 48. Kc2 Qa2+ 49. Kd3 Qa6+ 50. Ke3 Qc4 51. Rh3 Qxc3+ 52. Kf4 Rf6+ 53. Kg4 h5+ 54. Kg5 Qe5+ 55. Kh4 Qf4+ 56. Qg4 Qxg4# 0-1